Music Quiz

Random Music or Artist Quiz

Top 10 Artists Each Year (1960s) Quiz Stats

 Plays Quiz Updated Jul 25, 2015

Challenge
Share
Tweet
Score 0/100 Timer 10:00
3 Plays Today
Year Artist % Correct
1964The Beatles
98.4%
1965The Beatles
98.4%
1966The Beatles
98.4%
1967The Beatles
98.4%
1968The Beatles
98.4%
1969The Beatles
98.4%
1965The Rolling Stones
89.9%
1966The Rolling Stones
89.9%
1969The Rolling Stones
89.9%
1960Elvis Presley
88.9%
1961Elvis Presley
88.9%
1962Elvis Presley
88.9%
1964The Supremes
74.8%
1965The Supremes
74.8%
1966The Supremes
74.8%
1967The Supremes
74.8%
1968The Supremes
74.8%
1969The Supremes
74.8%
1964The Beach Boys
69.7%
1965The Beach Boys
69.7%
1966The Beach Boys
69.7%
1969The Temptations
60%
1967Nancy Sinatra
58.3%
1966The Monkees
54.4%
1967The Monkees
54.4%
1965Four Tops
52.1%
1967Aretha Franklin
49.2%
1968Aretha Franklin
49.2%
1962The 4 Seasons
45.6%
1963The 4 Seasons
45.6%
1964The 4 Seasons
45.6%
1966The Mama's & The Papa's
43.7%
1966Simon and Garfunkel
42%
1965Herman's Hermits
39.3%
Year Artist % Correct
1965The Byrds
39.3%
1969Creedence Clearwater Revival
37.1%
1960The Everly Brothers
36.5%
1962Ray Charles
36.5%
1965Gary Lewis & The Playboys
34%
1960Jimmy Jones
33.8%
1964Dean Martin
33.2%
1968Otis Redding
32.8%
1961Bobby Lewis
32.8%
1965Petula Clark
31.7%
1969Tommy James & The Shondells
31.3%
1964The Dave Clark Five
30.8%
1960Brenda Lee
30.6%
1961Brenda Lee
30.6%
1962Brenda Lee
30.6%
1961The Shirelles
30%
1961Dion
29.8%
1963Dion
29.8%
1960Chubby Checker
29.8%
1961Chubby Checker
29.8%
1962Chubby Checker
29.8%
1965The Righteous Brothers
26.8%
1966The Righteous Brothers
26.8%
1967The Turtles
26.4%
1966The Lovin' Spoonful
24.4%
1963Peter, Paul & Mary
24.4%
1960Connie Francis
24.1%
1969Sly & The Family Stone
24.1%
1962Bobby Vinton
23.1%
1963Bobby Vinton
23.1%
1964Bobby Vinton
23.1%
1969The 5th Dimension
22.4%
1963Lesley Gore
22.3%
1966Donovan
22.2%
Year Artist % Correct
1967Lulu
20.8%
1962Neil Sedaka
20.4%
1964Louis Armstrong
20.4%
1967The Young Rascals
19.4%
1968The Rascals
19.4%
1969The Archies
18%
1961Del Shannon
17.8%
1967The Association
17.5%
1961Bobby Vee
17.4%
1962Joey Dee & The Starliters
15.2%
1968Herb Alpert & The Tijuana Brass
14.8%
1968Steppenwolf
14.5%
1960Percy Faith
14.5%
1964The Shangri-La's
14.4%
1960Jim Reeves
14.1%
1964Manfred Mann
13.9%
1961Jimmy Dean
13.8%
1968Gary Puckett & The Union Gap
13.6%
1969Blood, Sweat & Tears
13.4%
1963The Chiffons
13.2%
1960Bobby Rydell
12.1%
1968Bobby Goldsboro
11.2%
1963Paul and Paula
10.2%
1967The Buckinghams
10%
1961Gary US Bonds
9.7%
1963The Angels
9.5%
1960Johnny Preston
9.3%
1968Paul Mauriat
9.2%
1963Jimmy Gilmer & The Fireballs
8.8%
1962Dee Dee Sharp
8.1%
1962The Orlons
8%
1963Little Peggy March
7.8%

You're not logged in!

Compare scores with friends on all Sporcle quizzes.
OR
Log In

You Might Also Like...

Show Comments

Extras

Top Quizzes Today


Score Distribution

Your Account Isn't Verified!

In order to create a playlist on Sporcle, you need to verify the email address you used during registration. Go to your Sporcle Settings to finish the process.

Report this User

Report this user for behavior that violates our Community Guidelines.

Details: